000
00289nam a22001337a 4500
008
170529b xxu||||| |||| 00| 0 eng d
020
_a
0809462486
041
_a
eng
080
_a
621
100
_a
27
101
_a
IM
245
_a
LIGHTING&ELECTRICITY
_c
WINCHESTER,K
942
_2
udc
_c
BK
999
_c
14802
_d
14802